Представление документа в формате RUSMARC

ПолеНазваниеЗначение
  Тип записи a
  Библиографический уровень a
001 Контрольный номер RU/CBS_Ul/BASE/529581488
005 Дата корректировки 20250606105259.7
100 Данные общей обработки __
a Данные общей обработки 20250421d2016####|||c0rusy0189 ca
101 Язык документа 0_
a Язык текста rus
102 Страна публикации __
a Страна публикации RU
105 Кодированные данные (монография) __
a Кодированные данные (монография) y###||||000|y
200 Заглавие и сведения об ответственности 1_
a Заглавие Жар-слово
b Общее обозначение материала Текст
e Сведения, относящиеся к заглавию [девятый Благовский фестиваль «Жар – слово» прошел в летних палаточных лагерях Чердаклинского района]
f Первые сведения об ответственности А. Лад
300 Общие примечания __
a Общие примечания Ограничения по возрасту - 12+
461 Уровень набора _0
1 2000
a Симбирскъ
463 Уровень физической единицы _0
1 2000
a № 8 (38)
v С. 49-51
1 2101
d 2016
1 001RU/REG73/CBS_GRAD/6ba7d2617a3548b6a670429a112fc434
600 Персоналии _0
a Персоналии (Фамилия) Благов
b Персоналии (Имя, инициалы) Н.Н.
606 Тематические рубрики 0_
a Основная рубрика "Жар-слово", Благовский фестиваль (2015)
610 Ключевые слова 0_
a Ключевые слова фестивали
610 Ключевые слова 0_
a Ключевые слова поэтические фестивали
610 Ключевые слова 0_
a Ключевые слова ульяновские поэты
610 Ключевые слова 0_
a Ключевые слова палаточные лагеря
610 Ключевые слова 0_
a Ключевые слова Благовские фестивали
686 Индексы других классификаций __
a Классификационный индекс 83.3(2Рос=Рус)6
2 Код системы rubbk
700 Автор _1
a Фамилия Лад
b Имя (инициалы) А.
801 Источник записи _0
a Страна RU
b Организация RuCBSGrad
c Дата составления 20250421
g Правила каталогизации RCR
801 Источник записи _1
a Страна RU
b Организация RuCBSGrad
c Дата составления 20250421
g Правила каталогизации RCR
852 Данные о местонахождении __
a Наименование организации МБУК ЦБС г. Димитровграда
901 Тип документа __
t Тип документа b
w Контрольный № источника RU/REG73/CBS_GRAD/6ba7d2617a3548b6a670429a112fc434
909 Создатель записи __
a Создатель записи Тенигина
b Дата создания записи 20250421